| 000 -ლიდერი |
| ფიქსირებული სიგრძის საკონტროლო ველი |
01434nam a22002417a 4500 |
| 003 - საკონტროლო ნომრის იდენტიფიკატორი |
| საკონტროლო ველი |
Ge_BSU |
| 005 - ბოლო ოპერაციის თარიღი და დრო |
| საკონტროლო ველი |
20250522163616.0 |
| 008 - ფიქსირებული სიგრძის მონაცემთა ელემენტები - ზოგადი ინფორმაცია |
| ფიქსირებული სიგრძის საკონტროლო ველი |
250522s2020 ge ||||| |||| 00| 0 geo d |
| 020 ## - წიგნის საერთაშორისო სტანდარტული ნომერი |
| International Standard Book Number |
9789941969997 |
| 041 ## - ენის კოდი |
| Language code of text/sound track or separate title |
geo |
| 080 ## - უნივერსალური ათობითი კლასიფიკაციის ინდექსი |
| Universal Decimal Classification number |
2-1(042) ჰ-39 |
| 100 ## - მთავარი ჩანაწერი - პიროვნების სახელი |
| Personal name |
ჰეგელი, გეორგ ვილჰელმ ფრიდრიხ |
| 9 (RLIN) |
2873 |
| 245 ## - ცნობა სათაურის შესახებ |
| Title |
ლექციები რელიგიის ფილოსოფიაზე = Vorlesungen über die Philosophie der Religion. ტომი 1. 2 / |
| Statement of responsibility, etc |
გ.ვ.ფ. ჰეგელი; გერმანულიდან თარგმნა ვიქტორ რცხილაძემ; მხატვარი ვასილ ნასიბოვი. |
| 250 ## - გამოცემის ცნობა |
| Edition statement |
პირველი ქართული გამოცემა |
| 264 ## - წარმოების, გამოცემის, დისტრიბუციის და სხვა ცნობები |
| გამოცემის, წარმოების, დისტრიბუციის... ადგილი |
თბილისი : |
| გამოცემის, წარმოების, დისტრიბუციის... სახელწოდება |
Carpe diem, |
| გამოცემის, წარმოების, დისტრიბუციის... თარიღი |
2020. |
| 300 ## - ფიზიკური აღწერა |
| Extent |
432 გვ. ; |
| Other physical details |
25 სმ. |
| 653 ## - INDEX TERM--UNCONTROLLED |
| Uncontrolled term |
რელიგიის ფილოსოფია |
| 700 ## - ADDED ENTRY--PERSONAL NAME |
| Personal name |
რცხილაძე, ვიქტორ |
| Relator term |
მთარგმნელი |
| 9 (RLIN) |
14022 |
| 700 ## - ADDED ENTRY--PERSONAL NAME |
| Personal name |
რცხილაძე, გულბაათ |
| Relator term |
გამომცემელი |
| 9 (RLIN) |
25103 |
| 700 ## - ADDED ENTRY--PERSONAL NAME |
| Personal name |
ალადაშვილი, ალექსანდრე |
| Relator term |
გამომცემელი |
| 9 (RLIN) |
25104 |
| 700 ## - ADDED ENTRY--PERSONAL NAME |
| Personal name |
ნასიბოვი, ვასილ |
| Relator term |
მხატვარი |
| 9 (RLIN) |
25105 |
| 942 ## - ADDED ENTRY ELEMENTS (KOHA) |
| Source of classification or shelving scheme |
|
| Koha item type |
წიგნი |